|
|
|
|
| LEADER |
02183cas a2200265 a 4500 |
| 001 |
AALejournalIMF019130 |
| 008 |
230101c9999 xx r poo 0 0eng d |
| 020 |
|
|
|c 5.00 USD
|
| 020 |
|
|
|z 9781498302791
|
| 022 |
|
|
|a 1018-5941
|
| 040 |
|
|
|a BD-DhAAL
|c BD-DhAAL
|
| 100 |
1 |
|
|a Di Bella, Gabriel.
|
| 245 |
1 |
4 |
|a The Russian State's Size and its Footprint :
|b Have They Increased? /
|c Gabriel Di Bella, Oksana Dynnikova, Slavi Slavov.
|
| 264 |
|
1 |
|a Washington, D.C. :
|b International Monetary Fund,
|c 2019.
|
| 300 |
|
|
|a 1 online resource (29 pages)
|
| 490 |
1 |
|
|a IMF Working Papers
|
| 500 |
|
|
|a <strong>Off-Campus Access:</strong> No User ID or Password Required
|
| 500 |
|
|
|a <strong>On-Campus Access:</strong> No User ID or Password Required
|
| 506 |
|
|
|a Electronic access restricted to authorized BRAC University faculty, staff and students
|
| 520 |
3 |
|
|a The short answer: The size of the Russian State has not increased much in the last few years, but its economic footprint remains significant. Concretely, the state's size increased from about 32 percent of GDP in 2012 to 33 percent in 2016, not far from the EBRD's estimate of 35 percent for 2005-10. This is different from the mainstream narrative, which contends that the state's size doubled in the last decade. However, a deep state footprint is reflected in a relatively high state share in formal sector activity (close to 40 percent) and formal sector employment (about 50 percent). The deep footprint is also reflected in market competition and efficiency. Although sectors in which the state is present are more concentrated, concentration is large even in sectors where the state's share is low. This suggests the need to protect and promote competition, in particular in state procurement. Finally, state-owned enterprises' performance appears weaker than that of privately-owned firms, which may be subtracting from growth.
|
| 538 |
|
|
|a Mode of access: Internet
|
| 700 |
1 |
|
|a Dynnikova, Oksana.
|
| 700 |
1 |
|
|a Slavov, Slavi.
|
| 830 |
|
0 |
|a IMF Working Papers; Working Paper ;
|v No. 2019/053
|
| 856 |
4 |
0 |
|z Full text available on IMF
|u http://elibrary.imf.org/view/journals/001/2019/053/001.2019.issue-053-en.xml
|z IMF e-Library
|